01054nam a2200157 4500008004100000020001500041041000800056100002500064245005300089250005400142260004400196300001100240500009500251505053500346655001500881180523s2003 mx |||gr|||| 000 f s d a9706663916 aspa1 aNietzsche, Friedrich 3aEl anticristo.bEcce homo /cFriedrich Nietzsche a1a ed.bTraducción Roberto Mares y Luis Rutiaga aMéxico:bGrupo Editorial Tomo;c2003. a207 p. aNietzsche, F. (2003). El anticristo. Ecce homo. (1a ed.). México : Grupo Editorial Tomo. aFriedrich Nietzsche (1844-1900), nació en Rocken y fue hijo de un pastor protestante. Estudió inicialmente en Naumburgo y más tarde siguió la carrera de Filología Clásica en las universidades de Bonn y Liepzig. Durante su juventud mostró interés por la música, pero más tarde se dedicó de lleno a la filosofía y a la literatura. La influencia de Friedrich Nietzsche sobre la filosofía de los dos siglos pasados ha sido enorme. Su obra ataca las teorías tradicionales, tanto filosóficas como morales.  aLiteratura